[Event "Blitz for All"]
[Site "SchemingMind.com"]
[Date "2007.11.20"]
[Round "-"]
[White "punmanbowler"]
[Black "agarr"]
[Result "0-1"]
[WhiteCountry "USA"]
[BlackCountry "RUS"]
[WhiteElo "1408"]
[WhiteRD "73"]
[BlackElo "1696"]
[BlackRD "71"]
[GameID "129835"]

1. e4 e5 2. Nf3 Nc6 3. Nc3 Bc5 4. Qe2 Nf6 5. d3 h6 6. Be3 Bxe3 7. Qxe3 O-O 8. O-O-O d6 9. Nd5 Nxd5 10. exd5 Ne7
11. Qe4 f5 12. Qc4 Kh8 13. Nh4 c6 14. dxc6 bxc6 15. Be2 d5 16. Qc5 Be6 17. Nf3 Qc7 18. Rhe1 Rfb8 19. b3 Rb5 20. Qc3 d4
21. Qb2 a5 22. g3 Nd5 23. a4 Rb4 24. Bf1 Nc3 25. Rd2 Rab8 26. Nxe5 Bxb3 27. cxb3 Rxb3 28. Qc2 Rb1+
0-1

[Event "Blitz for All"]
[Site "SchemingMind.com"]
[Date "2007.11.20"]
[Round "-"]
[White "punmanbowler"]
[Black "markjburden"]
[Result "0-1"]
[WhiteCountry "USA"]
[BlackCountry "GBR"]
[WhiteElo "1408"]
[WhiteRD "73"]
[BlackElo "1749"]
[BlackRD "67"]
[GameID "129836"]

1. e4 g6 2. d4 Bg7 3. c3 d6 4. Nf3 Nd7 5. Bc4 h6 6. O-O c6 7. Na3 b5 8. Bb3 a5 9. c4 Ba6 10. d5 b4
11. Nc2 c5 12. Bd2 Bxb2 13. Rb1 Bg7 14. a3 Ngf6 15. Qe2 Nh7 16. axb4 cxb4 17. Ra1 Bxa1 18. Nxa1 Nhf6 19. Ba4 Kf8 20. Qe3 Bxc4
21. Bc6 Bxf1 22. Bxa8 Bxg2 23. Ne1 Bxe4 24. f3 Bxd5 25. f4 Qxa8 26. Nac2 g5 27. Nd4 gxf4 28. Qxf4 Rg8+ 29. Kf1 Bc4+ 30. Kf2 Qh1
31. Qxh6+ Ke8 32. Bf4 Qf1+ 33. Ke3 Qxe1+ 34. Kf3 Bd5#
0-1

[Event "Blitz for All"]
[Site "SchemingMind.com"]
[Date "2007.11.20"]
[Round "-"]
[White "punmanbowler"]
[Black "mmccaffe"]
[Result "0-1"]
[WhiteCountry "USA"]
[BlackCountry "USA"]
[WhiteElo "1408"]
[WhiteRD "73"]
[BlackElo "1494"]
[BlackRD "66"]
[GameID "129837"]

1. e4 d6 2. d4 Nf6 3. f3 g6 4. Nc3 Bg7 5. Nh3 Nbd7 6. Bb5 c6 7. Ba4 b5 8. Bb3 O-O 9. O-O Bb7 10. a4 b4
11. Ne2 a5 12. Bf4 c5 13. dxc5 Nxc5 14. Bc4 Ba6 15. Bb5 Bxb5 16. axb5 Qb6 17. Nd4 Ne6 18. Be3 Nxe4 19. fxe4 Bxd4 20. Bxd4 Qxd4+
21. Qxd4 Nxd4 22. Rad1 Nxb5 23. Ng5 h6 24. Nf3 Rfc8 25. Rd2 a4 26. Rd5 Rcb8 27. e5 a3 28. bxa3 bxa3 29. exd6 exd6 30. c4 a2
31. Ra1 Nc3 32. Rxd6 Rb1+ 33. Rxb1 axb1=Q+ 34. Kf2 Ra2+ 35. Kg3 Ne4+
0-1

[Event "Blitz for All"]
[Site "SchemingMind.com"]
[Date "2007.11.20"]
[Round "-"]
[White "punmanbowler"]
[Black "Vovaspilberg"]
[Result "0-1"]
[WhiteCountry "USA"]
[BlackCountry "RUS"]
[WhiteElo "1408"]
[WhiteRD "73"]
[BlackElo "1860"]
[BlackRD "78"]
[GameID "129838"]

1. e4 e5 2. Nf3 Nc6 3. Nc3 Nf6 4. Bc4 Nxe4 5. Nxe4 d5 6. Nd6+ Qxd6 7. Bb5 e4 8. Nd4 Bd7 9. d3 Nxd4 10. a4 Nxb5
11. axb5 Bxb5 12. g3 Be7 13. Bf4 Qd7 14. O-O O-O 15. c4 dxc4 16. dxe4 Rfd8 17. Qe1 c3 18. Rd1 Qc6 19. bxc3 Bxf1 20. Qxf1 Rxd1
21. Qxd1 Qxc3 22. Bd2 Rd8 23. Qa4 Qxd2 24. Qxa7 Qe1+ 25. Kg2 Qxe4+ 26. Kh3 Rd6 27. Qb8+ Bf8 28. g4 Qf3+ 29. Kh4 Rh6+
0-1

[Event "Blitz for All"]
[Site "SchemingMind.com"]
[Date "2007.11.20"]
[Round "-"]
[White "jtrochez1"]
[Black "punmanbowler"]
[Result "1-0"]
[WhiteCountry "HON"]
[BlackCountry "USA"]
[WhiteElo "1511"]
[WhiteRD "50"]
[BlackElo "1382"]
[BlackRD "74"]
[GameID "129839"]

1. e4 e5 2. Nf3 Nc6 3. d4 exd4 4. Nxd4 Nxd4 5. Qxd4 c5 6. Qd1 d6 7. Bc4 Nf6 8. Nc3 Bg4 9. f3 Bh5 10. Bg5 h6
11. Bd2 Qb6 12. Qc1 O-O-O 13. Nd5 Nxd5 14. b3 Nc7 15. a4 Be7 16. a5 Qc6 17. Be2 Bf6 18. c3 Rhe8 19. Qa3 b6 20. O-O Qb7
21. a6 Qc6 22. Rac1 d5 23. g4 Bg6 24. exd5 Nxd5 25. Bc4 Nc7 26. Bf4 Bh4 27. Bg3 Bg5 28. f4 Bf6 29. f5 Bh7 30. Bxf7 Re7
31. Bxc7 Rxc7 32. Be6+ Kb8 33. Qa2 Bg8 34. Bxg8 Rxg8 35. Qe2 b5 36. c4 b4 37. Qa2 Bd4+ 38. Rf2 Re8 39. Qa4 Qf3 40. Qxe8+ Rc8
41. Qb5+ Kc7 42. Rf1 Rb8 43. Qa5+
1-0

[Event "Blitz for All"]
[Site "SchemingMind.com"]
[Date "2007.11.20"]
[Round "-"]
[White "jdcald13"]
[Black "punmanbowler"]
[Result "1-0"]
[WhiteCountry "USA"]
[BlackCountry "USA"]
[WhiteElo "1931"]
[WhiteRD "46"]
[BlackElo "1408"]
[BlackRD "73"]
[GameID "129840"]

1. c4 Nf6 2. Nf3 e6 3. g3 Bc5 4. Bg2 Nc6 5. O-O O-O 6. d4 Bb6 7. Nc3 d6 8. a3 e5 9. d5 Nd4 10. Na4 Nxf3+
11. exf3 c5 12. dxc6 bxc6 13. Nxb6 Qxb6 14. Qxd6 Nd7 15. b4 Re8 16. f4 exf4 17. Bxf4 Re6 18. Qd2 Nf6 19. Rfe1 Bd7 20. Rad1 Rd8
21. Rxe6 fxe6 22. Qd6 Ng4 23. c5 Qb5 24. h3 Nf6 25. Bxc6 Qe2 26. Qd3 Qxd3 27. Rxd3 h6 28. Bxd7 Nxd7 29. c6 g5 30. Rxd7 Rc8
31. c7 gxf4 32. Rd8+
1-0

[Event "Blitz for All"]
[Site "SchemingMind.com"]
[Date "2007.11.20"]
[Round "-"]
[White "agarr"]
[Black "punmanbowler"]
[Result "1-0"]
[WhiteCountry "RUS"]
[BlackCountry "USA"]
[WhiteElo "1696"]
[WhiteRD "71"]
[BlackElo "1408"]
[BlackRD "73"]
[GameID "129841"]

1. e4 e5 2. Nf3 d6 3. Bc4 Nh6 4. c3 f6 5. d4 exd4 6. cxd4 a6 7. O-O Bg4 8. h3 Bh5 9. Bxh6 gxh6 10. Re1 Rg8
11. Bxg8 Nd7 12. Qd3 Bg6 13. Nh4 Bf7 14. Bxf7+ Kxf7 15. f4 Qe7 16. e5 d5 17. Qxh7+ Bg7 18. Nf5 Qf8 19. e6+ Ke8 20. exd7+ Kxd7
21. Nxg7 Qf7 22. Qf5+ Kc6 23. Qe6+ Qxe6 24. Rxe6+ Kd7 25. Rxf6 Ke7 26. Rxh6 Rg8 27. Nf5+ Kf7 28. Nc3
1-0

[Event "Blitz for All"]
[Site "SchemingMind.com"]
[Date "2007.11.20"]
[Round "-"]
[White "markjburden"]
[Black "punmanbowler"]
[Result "1-0"]
[WhiteCountry "GBR"]
[BlackCountry "USA"]
[WhiteElo "1749"]
[WhiteRD "67"]
[BlackElo "1408"]
[BlackRD "73"]
[GameID "129842"]

1. Nf3 Nf6 2. d3 h6 3. Nbd2 d5 4. g3 Nc6 5. Bg2 e5 6. e4 dxe4 7. dxe4 Bb4 8. c3 Bc5 9. h3 Be6 10. O-O O-O
11. b4 Bb6 12. a4 a5 13. b5 Na7 14. Ba3 Re8 15. Qc2 c6 16. c4 Rc8 17. c5 Bc7 18. b6 Bxb6 19. cxb6 Qxb6 20. Rfb1 Qc7
21. Bc5 Ra8 22. Bb6 Qb8 23. Bxa5 b5 24. axb5 cxb5 25. Qc3 Nd7 26. Bc7 Rc8 27. Bxb8 Rxc3 28. Bxa7 f5 29. exf5 Bxf5 30. Rxb5 Bd3
31. Rba5 Rac8 32. Nxe5 Nxe5 33. Rxe5 Rc1+ 34. Rxc1 Rxc1+ 35. Kh2 Rc2 36. Be3 Rc1 37. Bd5+ Kh7 38. Re7 Rc8 39. Bd4 Rd8 40. Rxg7+ Kh8
41. Rd7#
1-0

[Event "Blitz for All"]
[Site "SchemingMind.com"]
[Date "2007.11.20"]
[Round "-"]
[White "mmccaffe"]
[Black "punmanbowler"]
[Result "1-0"]
[WhiteCountry "USA"]
[BlackCountry "USA"]
[WhiteElo "1494"]
[WhiteRD "66"]
[BlackElo "1408"]
[BlackRD "73"]
[GameID "129843"]

1. d4 Nf6 2. c4 e6 3. Nc3 Bb4 4. Qc2 d5 5. a3 Bxc3+ 6. Qxc3 Ne4 7. Qc2 Qf6 8. f3 Ng5 9. h4 Qh6 10. Nh3 Qxh4+
11. Nf2 Qxd4 12. Bxg5 h6 13. Bd2 dxc4 14. Bc3 Qd8 15. Bxg7 Rg8 16. Rxh6 Rxg7 17. Rh8+ Kd7 18. Rd1+ Ke7 19. Rdxd8 Bd7 20. Qxc4 b5
21. Qc5+ Kf6 22. Ne4+
1-0

[Event "Blitz for All"]
[Site "SchemingMind.com"]
[Date "2007.11.20"]
[Round "-"]
[White "Vovaspilberg"]
[Black "punmanbowler"]
[Result "1-0"]
[WhiteCountry "RUS"]
[BlackCountry "USA"]
[WhiteElo "1860"]
[WhiteRD "78"]
[BlackElo "1408"]
[BlackRD "73"]
[GameID "129844"]

1. e4 Nf6 2. e5 Nd5 3. d4 e6 4. c4 Nb6 5. Nc3 Nc6 6. Nf3 d5 7. c5 Nd7 8. Bd3 b6 9. Bb5 Bb7 10. Qa4 bxc5
11. Bxc6 Bxc6 12. Qxc6 Rb8 13. O-O Be7 14. a3 O-O 15. Qa4 Rb7 16. Re1 Nb6 17. Qd1 c4 18. Na4 Nxa4 19. Qxa4 f6 20. exf6 Bxf6
21. Rxe6 h6 22. Qc2 Qd7 23. Qe2 Rb6 24. Rxb6 cxb6 25. Bf4 Re8 26. Ne5 Qe6 27. Re1 g5 28. Bg3 b5 29. Qh5 Bg7 30. Re3 a5
31. Ng4 Qf5 32. Qxe8+ Bf8 33. Nxh6+
1-0

[Event "Blitz for All"]
[Site "SchemingMind.com"]
[Date "2007.11.21"]
[Round "-"]
[White "Blitzer"]
[Black "jtrochez1"]
[Result "1-0"]
[WhiteCountry "CAN"]
[BlackCountry "HON"]
[WhiteElo "2068"]
[WhiteRD "102"]
[BlackElo "1518"]
[BlackRD "48"]
[GameID "129985"]

1. e4 e5 2. Nf3 Nc6 3. Bb5 d6 4. d4 Bg4 5. Nc3 Bd7 6. Bxc6 bxc6 7. dxe5 dxe5 8. Nxe5 Nf6 9. O-O Bd6 10. Nf3 Be7
11. e5 Ng4 12. Qd4 c5 13. Qe4 Nh6 14. Bxh6 gxh6 15. Rad1 Qc8 16. Rxd7 Qxd7 17. Qxa8+ Bd8 18. Rd1 Qe7 19. Nd5
1-0

[Event "Blitz for All"]
[Site "SchemingMind.com"]
[Date "2007.11.21"]
[Round "-"]
[White "Blitzer"]
[Black "jdcald13"]
[Result "1-0"]
[WhiteCountry "CAN"]
[BlackCountry "USA"]
[WhiteElo "2068"]
[WhiteRD "102"]
[BlackElo "1931"]
[BlackRD "46"]
[GameID "129986"]

1. d4 f5 2. Bg5 g6 3. Nd2 Bg7 4. c3 Nf6 5. e3 O-O 6. Qc2 h6 7. Bxf6 Bxf6 8. Ne2 d5 9. Nf4 Kh7 10. Nf3 Nc6
11. O-O-O e6 12. h4 Ne7 13. Ng5+ Bxg5 14. hxg5 h5 15. g4 fxg4 16. Nxh5
1-0

[Event "Blitz for All"]
[Site "SchemingMind.com"]
[Date "2007.11.21"]
[Round "-"]
[White "Blitzer"]
[Black "agarr"]
[Result "1-0"]
[WhiteCountry "CAN"]
[BlackCountry "RUS"]
[WhiteElo "2068"]
[WhiteRD "102"]
[BlackElo "1696"]
[BlackRD "71"]
[GameID "129987"]

1. d4 d5 2. c4 e6 3. Nc3 Nf6 4. Nf3 Be7 5. Bg5 dxc4 6. e4 O-O 7. Bxc4 h6 8. Bf4 Bb4 9. Qc2 Nc6 10. Rd1 Qe7
11. O-O Nh5 12. Bc1 Qf6 13. a3 Ba5 14. e5 Qe7 15. g4
1-0

[Event "Blitz for All"]
[Site "SchemingMind.com"]
[Date "2007.11.21"]
[Round "-"]
[White "Blitzer"]
[Black "markjburden"]
[Result "1-0"]
[WhiteCountry "CAN"]
[BlackCountry "GBR"]
[WhiteElo "2068"]
[WhiteRD "102"]
[BlackElo "1749"]
[BlackRD "67"]
[GameID "129988"]

1. e4 g6 2. d4 Bg7 3. Nf3 d6 4. Bc4 h6 5. O-O c6 6. Nc3 Nd7 7. Re1 e5 8. dxe5 dxe5 9. a4 Ne7 10. Qd6 O-O
11. Rd1 Re8 12. Be3 b6 13. a5 b5 14. Bb3 a6 15. Bb6 Nxb6 16. Qxd8 Rxd8 17. Rxd8+ Kh7 18. axb6
1-0

[Event "Blitz for All"]
[Site "SchemingMind.com"]
[Date "2007.11.21"]
[Round "-"]
[White "Blitzer"]
[Black "punmanbowler"]
[Result "1-0"]
[WhiteCountry "CAN"]
[BlackCountry "USA"]
[WhiteElo "2068"]
[WhiteRD "102"]
[BlackElo "1408"]
[BlackRD "73"]
[GameID "129989"]

1. d4 Nf6 2. c4 e6 3. Nf3 Bb4+ 4. Bd2 a5 5. Nc3 b6 6. e3 Ba6 7. Bd3 O-O 8. O-O Nc6 9. Ne5 Bb7 10. Qc2 h6
11. a3 Bd6 12. f4 Nb8 13. e4 c5 14. d5 exd5 15. exd5 Re8 16. Ne4 Bxe5 17. fxe5 Rxe5 18. Nxf6+ gxf6 19. Rae1 Rxe1 20. Rxe1 d6
21. Bxh6 Nc6 22. dxc6 Bxc6 23. Qf2 d5 24. Qg3+
1-0

[Event "Blitz for All"]
[Site "SchemingMind.com"]
[Date "2007.11.20"]
[Round "-"]
[White "Blitzer"]
[Black "mmccaffe"]
[Result "1-0"]
[WhiteCountry "CAN"]
[BlackCountry "USA"]
[WhiteElo "2068"]
[WhiteRD "102"]
[BlackElo "1494"]
[BlackRD "66"]
[GameID "129990"]

1. e4 e6 2. d4 d5 3. Nc3 Nf6 4. e5 Nfd7 5. f4 c5 6. Nf3 Nc6 7. Be3 Qb6 8. Na4 Qa5+ 9. c3 b5 10. Nxc5 Nxc5
11. dxc5 b4 12. a3 bxa3 13. Rxa3 Qc7 14. b4 a5 15. Bd3 Bb7 16. O-O Be7 17. Qd2 O-O 18. Rfa1 axb4 19. Rxa8 Rxa8 20. Rxa8+ Bxa8
21. cxb4 Qb7 22. b5 Na7 23. Qa5 Qb8 24. Qa4 Qb7 25. Bd4 h6 26. g4 g5 27. fxg5 hxg5 28. Be2 Kg7 29. h3 f6 30. exf6+ Bxf6
31. Bxf6+ Kxf6 32. Qd4+
1-0

[Event "Blitz for All"]
[Site "SchemingMind.com"]
[Date "2007.11.20"]
[Round "-"]
[White "Blitzer"]
[Black "Vovaspilberg"]
[Result "1-0"]
[WhiteCountry "CAN"]
[BlackCountry "RUS"]
[WhiteElo "2068"]
[WhiteRD "102"]
[BlackElo "1860"]
[BlackRD "78"]
[GameID "129991"]

1. d4 Nf6 2. c4 e6 3. Nc3 d5 4. Nf3 c6 5. e3 Nbd7 6. Qc2 Bd6 7. Be2 O-O 8. O-O Re8 9. Rd1 Qe7 10. h3 h6
11. a3 dxc4 12. Bxc4 e5 13. Nh4 Nf8 14. dxe5 Bxe5 15. Nf3 Bc7 16. b4 Be6 17. Bxe6 Qxe6 18. Nb5 Bb6 19. Nd6 Re7 20. Nf5 Rd7
21. Rxd7 N6xd7 22. Bb2 Nf6 23. N3d4 Bxd4 24. Nxd4 Qd6 25. Nf5 Qe6 26. Rd1 a5 27. f3 Ne8= 28. bxa5 Rxa5 29. e4 f6 30. Rd8 c5
31. Qf2 c4 32. Kh2 Rb5 33. Qg3
1-0

[Event "Blitz for All"]
[Site "SchemingMind.com"]
[Date "2007.11.21"]
[Round "-"]
[White "jtrochez1"]
[Black "Blitzer"]
[Result "0-1"]
[WhiteCountry "HON"]
[BlackCountry "CAN"]
[WhiteElo "1518"]
[WhiteRD "48"]
[BlackElo "2068"]
[BlackRD "102"]
[GameID "129992"]

1. e4 e5 2. Nf3 Nc6 3. d4 exd4 4. Nxd4 Bc5 5. c3 Be7 6. Nxc6 bxc6 7. Bc4 d6 8. Qf3 Nf6 9. Be3 d5 10. exd5 Bg4
11. Qg3 O-O 12. f3 Nxd5 13. Bxd5 Bh4
0-1

[Event "Blitz for All"]
[Site "SchemingMind.com"]
[Date "2007.11.21"]
[Round "-"]
[White "jdcald13"]
[Black "Blitzer"]
[Result "0-1"]
[WhiteCountry "USA"]
[BlackCountry "CAN"]
[WhiteElo "1931"]
[WhiteRD "46"]
[BlackElo "2068"]
[BlackRD "102"]
[GameID "129993"]

1. e4 e6 2. d3 d5 3. Nd2 Nf6 4. e5 Nfd7 5. f4 c5 6. c3 Nc6 7. Ndf3 f6 8. d4 cxd4 9. cxd4 Qb6 10. Ne2 Be7
11. g3 fxe5 12. fxe5 O-O 13. Bg2 g5 14. O-O g4 15. Ng5 Ndxe5 16. Rxf8+ Bxf8 17. Kh1 h6 18. Nxe6 Bxe6 19. dxe5 Nxe5 20. Bxd5 Nf3
21. Nf4 Rd8 22. Bxe6+ Qxe6 23. Nxe6 Rxd1+ 24. Kg2 Bd6 25. h3 Rg1+ 26. Kf2 Bxg3+
0-1

[Event "Blitz for All"]
[Site "SchemingMind.com"]
[Date "2007.11.21"]
[Round "-"]
[White "agarr"]
[Black "Blitzer"]
[Result "0-1"]
[WhiteCountry "RUS"]
[BlackCountry "CAN"]
[WhiteElo "1696"]
[WhiteRD "71"]
[BlackElo "2068"]
[BlackRD "102"]
[GameID "129994"]

1. e4 e5 2. Nf3 Nc6 3. Bc4 Nf6 4. O-O Bc5 5. c3 Nxe4 6. d4 exd4 7. cxd4 d5 8. Bb5 Bb6 9. Ne5 Bd7 10. Nxd7 Qxd7
11. f3 Nd6 12. Re1+ Kf8 13. Be3 Nxb5 14. Nc3 Nbxd4 15. Bxd4 Nxd4 16. Kh1 Qd6 17. Qd3 c6 18. Na4 Bc7 19. g3 Ne6 20. Re2 h5
21. f4 h4 22. Rae1 hxg3 23. Qxg3 Qxf4 24. Qxf4 Bxf4
0-1

[Event "Blitz for All"]
[Site "SchemingMind.com"]
[Date "2007.11.21"]
[Round "-"]
[White "markjburden"]
[Black "Blitzer"]
[Result "0-1"]
[WhiteCountry "GBR"]
[BlackCountry "CAN"]
[WhiteElo "1749"]
[WhiteRD "67"]
[BlackElo "2068"]
[BlackRD "102"]
[GameID "129995"]

1. Nf3 Nf6 2. d3 d5 3. Nbd2 c5 4. g3 Nc6 5. Bg2 e6 6. O-O Be7 7. Re1 O-O 8. e4 b5 9. exd5 exd5 10. Nb3 Qb6
11. Be3 Ng4 12. Rb1 a5 13. Qd2 a4 14. Na1 Nxe3 15. fxe3 b4 16. Kh1 Rb8 17. e4 dxe4 18. Rxe4 Bf6 19. Ng5 h6 20. Nf3 Be6
21. c4 bxc3 22. Qf2 Bxa2
0-1

[Event "Blitz for All"]
[Site "SchemingMind.com"]
[Date "2007.11.21"]
[Round "-"]
[White "punmanbowler"]
[Black "Blitzer"]
[Result "0-1"]
[WhiteCountry "USA"]
[BlackCountry "CAN"]
[WhiteElo "1408"]
[WhiteRD "73"]
[BlackElo "2068"]
[BlackRD "102"]
[GameID "129996"]

1. e4 d6 2. Nc3 c5 3. Bb5+ Bd7 4. Nf3 Bxb5 5. Nxb5 g6 6. d3 Bg7 7. Bf4 Qb6 8. c4 Nc6 9. O-O Nf6 10. Qe2 O-O
11. a4 Nh5 12. Be3 a6 13. Nc3 e6 14. Rfb1 h6 15. b4 Bxc3 16. bxc5 Qa5 17. Ra3 dxc5 18. Rxb7 Rfb8 19. Rbb3 Bg7 20. Bd2 Rxb3
21. Rxb3 Qxa4 22. Qd1 Rd8 23. Qc2 g5 24. Qb1 Nf4 25. Ne1 Na5 26. Rb2 Bxb2 27. Qxb2 Ne2+ 28. Kf1 Nxc4 29. Qc2 Qxc2 30. Nxc2 Rxd3
31. Kxe2 Rxd2+
0-1

[Event "Blitz for All"]
[Site "SchemingMind.com"]
[Date "2007.11.20"]
[Round "-"]
[White "mmccaffe"]
[Black "Blitzer"]
[Result "0-1"]
[WhiteCountry "USA"]
[BlackCountry "CAN"]
[WhiteElo "1572"]
[WhiteRD "114"]
[BlackElo "1662"]
[BlackRD "292"]
[GameID "129997"]

1. d4 Nf6 2. c4 e6 3. Nc3 Bb4 4. Qc2 O-O 5. a3 Bxc3+ 6. Qxc3 b6 7. Bg5 Bb7 8. f3 h6 9. Bh4 d5 10. e3 Nbd7
11. Nh3 c5 12. cxd5 cxd4 13. Qxd4 e5 14. Qd2 Bxd5 15. e4 Be6 16. Bb5 Nxe4 17. Qxd7 Qxh4+
0-1

[Event "Blitz for All"]
[Site "SchemingMind.com"]
[Date "2007.11.20"]
[Round "-"]
[White "Vovaspilberg"]
[Black "Blitzer"]
[Result "0-1"]
[WhiteCountry "RUS"]
[BlackCountry "CAN"]
[WhiteElo "1860"]
[WhiteRD "78"]
[BlackElo "2068"]
[BlackRD "102"]
[GameID "129998"]

1. e4 e5 2. Nf3 Nc6 3. Bb5 a6 4. Ba4 Nf6 5. O-O Be7 6. Re1 b5 7. Bb3 O-O 8. h3 Bb7 9. d3 d6 10. a3 Qd7
11. Nc3 Nd4 12. Nxd4 exd4 13. Ne2 c5 14. Ng3 Rfe8 15. c3 dxc3 16. bxc3 Bd8 17. a4 Ba5 18. Bd2 c4 19. dxc4 bxc4 20. Bxc4 Nxe4
21. Nxe4 Bxe4 22. f3 d5 23. Bb3 Bf5 24. c4 Rxe1+ 25. Qxe1 Re8 26. Qf2 dxc4 27. Bxa5 cxb3 28. Qb2 Bc2 29. Bc3 Re2 30. Rf1 Qxa4
31. Bxg7 Bd3
0-1

[Event "Blitz for All"]
[Site "SchemingMind.com"]
[Date "2007.11.21"]
[Round "-"]
[White "mq1982"]
[Black "jtrochez1"]
[Result "1-0"]
[WhiteCountry "GBR"]
[BlackCountry "HON"]
[WhiteElo "1925"]
[WhiteRD "95"]
[BlackElo "1511"]
[BlackRD "50"]
[GameID "130015"]

1. e4 e5 2. Nf3 Nc6 3. c3 Be7 4. Bb5 d6 5. d4 Bd7 6. d5 Nb8 7. Qb3 a6 8. Bxd7+ Nxd7 9. Qxb7 Ngf6 10. Nbd2 O-O
11. Qb3 Nc5 12. Qc2 h6 13. O-O Qd7 14. Re1 c6 15. b4 Nb7 16. dxc6 Qxc6 17. c4 Bd8 18. Bb2 Bc7 19. a4 Rfe8 20. Nb3 Rad8
21. b5 axb5 22. axb5 Qd7 23. Ra7 Bb6 24. Ra6 Qc7 25. Ba3 Nc5 26. Nxc5 Bxc5 27. Bxc5 Qxc5 28. Rc6 Qa7 29. Nh4 Rc8 30. Rxd6 Qa5
31. Rb1 Red8 32. Rxd8+ Rxd8 33. Nf3 Ra8 34. Nxe5 Qa1 35. Nd3 Qd4 36. b6 Qxe4 37. c5 Rb8 38. c6 Rc8 39. b7
1-0

[Event "Blitz for All"]
[Site "SchemingMind.com"]
[Date "2007.11.21"]
[Round "-"]
[White "mq1982"]
[Black "jdcald13"]
[Result "1-0"]
[WhiteCountry "GBR"]
[BlackCountry "USA"]
[WhiteElo "2031"]
[WhiteRD "112"]
[BlackElo "1931"]
[BlackRD "46"]
[GameID "130016"]

1. e4 c5 2. Nf3 d6 3. d4 cxd4 4. Nxd4 Nf6 5. Nc3 a6 6. Be3 e5 7. Nf3 Be6 8. Be2 Be7 9. O-O O-O 10. Qd2 Nbd7
11. Rad1 b5 12. Rfe1 Ng4 13. Bg5 f6 14. Bh4 g5 15. Bg3 h5 16. h3 Nh6 17. Nd5 Bxd5 18. Qxd5+ Kh8 19. Bh2 g4 20. hxg4 Nxg4
21. Nh4 f5 22. Ng6+ Kh7 23. Nxf8+ Qxf8 24. exf5 Nxh2 25. Kxh2 Nf6 26. Qd3 Qg7 27. Bf3 Rg8 28. Rh1 a5 29. Kg1 b4 30. Rxh5+ Nxh5
31. f6+ Qg6 32. Be4
1-0

[Event "Blitz for All"]
[Site "SchemingMind.com"]
[Date "2007.11.21"]
[Round "-"]
[White "mq1982"]
[Black "agarr"]
[Result "1-0"]
[WhiteCountry "GBR"]
[BlackCountry "RUS"]
[WhiteElo "2031"]
[WhiteRD "112"]
[BlackElo "1696"]
[BlackRD "71"]
[GameID "130017"]

1. e4 e5 2. Nf3 Nc6 3. c3 Bc5 4. d4 exd4 5. cxd4 Bb4+ 6. Bd2 Bxd2+ 7. Qxd2 d6 8. Bb5 Bd7 9. O-O Nge7 10. Nc3 O-O
11. Rac1 a6 12. Be2 Ng6 13. d5 Nce5 14. Nxe5 Nxe5 15. f4 Ng6 16. f5 Ne5 17. f6 gxf6 18. Qh6 Ng6 19. Rf3
1-0

[Event "Blitz for All"]
[Site "SchemingMind.com"]
[Date "2007.11.21"]
[Round "-"]
[White "mq1982"]
[Black "markjburden"]
[Result "0-1"]
[WhiteCountry "GBR"]
[BlackCountry "GBR"]
[WhiteElo "1925"]
[WhiteRD "95"]
[BlackElo "1779"]
[BlackRD "73"]
[GameID "130018"]

1. e4 g6 2. d4 Bg7 3. Be3 d6 4. c4 Nd7 5. Nf3 e5 6. d5 Ne7 7. Bd3 O-O 8. O-O Nf6 9. Nc3 a6 10. Qb3 b6
11. a4 Bg4 12. Be2 Nh5 13. h3 Bxf3 14. Bxf3 Nf4 15. Qc2 Qd7 16. Qd2 g5 17. a5 bxa5 18. Rxa5 Neg6 19. b4 Nh4 20. Bg4 Qe7
21. g3 h5 22. Bd1 Nxh3+ 23. Kh1 f5 24. Qe1 g4 25. exf5 Nxf5 26. Ne4 Rab8 27. Bd2 Nd4 28. Rxa6 Nf3 29. Bxf3 Rxf3 30. Be3 Rbf8
31. Nd2 R3f7 32. Qe2 e4 33. b5 Bc3 34. Nb1 Bf6 35. Bh6 Re8 36. Be3 Qd7 37. b6 cxb6 38. Rxb6 h4 39. Nd2 Rh7 40. Kg2 Bc3
41. Nxe4 Rxe4 42. Rb8+ Kf7 43. f3 Nf4+ 44. gxf4 gxf3+ 45. Qxf3 Rxc4 46. Rfb1 Rc7 47. f5 Be5 48. Qg4 Rg7 49. Bg5 h3+ 50. Qxh3 Rxg5+
51. Kh1 Qxf5 52. Rf1 Bf4 53. Rxf4 Rc1+ 54. Kh2 Qxf4+
0-1

[Event "Blitz for All"]
[Site "SchemingMind.com"]
[Date "2007.11.21"]
[Round "-"]
[White "mq1982"]
[Black "punmanbowler"]
[Result "1-0"]
[WhiteCountry "GBR"]
[BlackCountry "USA"]
[WhiteElo "2031"]
[WhiteRD "112"]
[BlackElo "1408"]
[BlackRD "73"]
[GameID "130019"]

1. e4 e5 2. Nf3 Nc6 3. c3 Nf6 4. d4 d6 5. Bb5 Bd7 6. O-O a6 7. Bd3 Bg4 8. d5 Ne7 9. Be3 c6 10. h3 Bh5
11. c4 h6 12. Nc3 Nc8 13. Qb3 Rb8 14. dxc6 b5 15. cxb5 axb5 16. Nxb5 Qe7 17. Qa4 Bxf3 18. c7 Rb7 19. Nxd6#
1-0

[Event "Blitz for All"]
[Site "SchemingMind.com"]
[Date "2007.11.21"]
[Round "-"]
[White "mq1982"]
[Black "Blitzer"]
[Result "0-1"]
[WhiteCountry "GBR"]
[BlackCountry "CAN"]
[WhiteElo "1925"]
[WhiteRD "95"]
[BlackElo "2113"]
[BlackRD "100"]
[GameID "130020"]

1. e4 e5 2. Nf3 Nc6 3. c3 Nf6 4. d4 d6 5. Bb5 Bd7 6. O-O Be7 7. d5 Nb8 8. Qb3 Nxe4 9. Bxd7+ Nxd7 10. Qxb7 O-O
11. Nbd2 Nec5 12. Qb5 Nb6 13. b4 Nca4 14. Qd3 f5 15. Qc2 Bf6 16. Qxf5 Nxc3 17. Ne4 Nbxd5 18. Nxc3 Nxc3 19. Bd2 Qc8 20. Qxc8 Ne2+
21. Kh1 Raxc8 22. Rae1 Nd4 23. Nxd4 exd4 24. b5 c5 25. bxc6 Rxc6 26. a3 Rc2 27. Bb4 Be5 28. Kg1 g5 29. Rd1 Rfc8 30. Rd3 Kf7
31. Rfd1 Ke6 32. Rh3 Rc1 33. Rf1 R8c2 34. g3 d3 35. Rxc1 Rxc1+ 36. Kg2 Rb1 37. g4 Rb3 38. Re3 Kd5 39. h3 Kd4 40. Re1 Rxb4
41. axb4 d2 42. Rd1 Kd3 43. Kf3 d5 44. b5 Kc2 45. Ke2 Bc3
0-1

[Event "Blitz for All"]
[Site "SchemingMind.com"]
[Date "2007.11.21"]
[Round "-"]
[White "mq1982"]
[Black "mmccaffe"]
[Result "0-1"]
[WhiteCountry "GBR"]
[BlackCountry "USA"]
[WhiteElo "1925"]
[WhiteRD "95"]
[BlackElo "1567"]
[BlackRD "55"]
[GameID "130021"]

1. e4 c5 2. Nf3 d6 3. d4 cxd4 4. Nxd4 Nf6 5. Nc3 a6 6. Bc4 b5 7. Bd3 Bb7 8. O-O e6 9. f4 Be7 10. Qf3 Nbd7
11. Be3 O-O 12. f5 e5 13. Nde2 Nc5 14. a3 Nxd3 15. cxd3 d5 16. exd5 Bxd5 17. Qg3 Re8 18. Bh6 Bf8 19. Bg5 Be7= 20. Be3 e4
21. dxe4 Bxe4 22. Rad1 Qb8 23. Nxe4 Nxe4 24. Qxb8 Raxb8 25. Nf4 Red8 26. Nd5 Bc5 27. Bxc5 Nxc5 28. Rfe1 Re8 29. Rxe8+ Rxe8 30. Nc7 Rc8
31. Rd5 Na4 32. Nxa6 Nxb2 33. Rxb5 Nc4 34. a4 h6 35. Rc5 Ra8 36. Rxc4 Rxa6 37. Kf2 Ra5 38. g4 h5 39. h3 hxg4 40. hxg4 Kf8
41. Ke3 g6 42. fxg6 fxg6 43. Kd3 Kf7
0-1

[Event "Blitz for All"]
[Site "SchemingMind.com"]
[Date "2007.11.22"]
[Round "-"]
[White "mq1982"]
[Black "Vovaspilberg"]
[Result "1-0"]
[WhiteCountry "GBR"]
[BlackCountry "RUS"]
[WhiteElo "1925"]
[WhiteRD "95"]
[BlackElo "1788"]
[BlackRD "81"]
[GameID "130022"]

1. e4 e5 2. Nf3 Nc6 3. c3 d5 4. Qa4 Bd7 5. exd5 Nd4 6. Qd1 Nxf3+ 7. Qxf3 Nf6 8. Bc4 e4 9. Qe2 Bd6 10. d4 O-O
11. Bg5 Re8 12. O-O h6 13. Bh4 g5 14. Bg3 Bf4 15. Qc2 b5 16. Bb3 Nh5 17. Nd2 f5 18. d6+ Kh8 19. dxc7 Qxc7 20. Bf7 Nxg3
21. hxg3 Re7 22. Bd5 Rd8 23. gxf4 gxf4 24. c4 f3 25. g3 Rg7 26. Kh1 bxc4 27. Bxc4 e3 28. Nxf3 Bc6 29. Qxf5 exf2 30. Rxf2 Bxf3+
31. Rxf3
1-0